| 000 | 00686nam a2200241Ia 4500 | ||
|---|---|---|---|
| 001 | 3023 | ||
| 003 | GE_BSU | ||
| 008 | 181216s||||||||xx |||||||||||||| ||und|| | ||
| 020 | _a5865090526 | ||
| 040 | _cGE_BSU | ||
| 080 | _a330.101(075.8) | ||
| 100 | _aР.Г. Емцов, М.Ю. Лукин | ||
| 245 | _aМикроэкономика | ||
| 245 | _bУчебник | ||
| 245 | _cпод общей редакцией профессора, доктора эконом. наук А.В. Сидоровича | ||
| 260 | _aМосква | ||
| 260 | _bДИС | ||
| 260 | _c1997 | ||
| 300 | _a320 с. | ||
| 541 | _h7 л. 70 т. | ||
| 653 | _aМикроэкономика | ||
| 942 | _cBK | ||
| 999 |
_c37069 _d37069 |
||